The Impossible Quiz (Unless you stop the timer) - Statistics

General Stats
  • This quiz has been taken 266 times
  • The average score is 2 of 12
Answer Stats
What are the 12 months spelled backwards? % Correct
yam
50%
enuj
31%
hcram
29%
yluj
26%
yraunaj
21%
lirpa
17%
rebmeced
9%
yraurbef
7%
tsugua
5%
rebotco
2%
rebmetpes
1%
rebmevon
1%
No matching quizzes found
Score Distribution
Percent of People with Each Score
Percentile by Number Answered
Your Score History
You have not taken this quiz